[Event "4NCL Division 4 South"]
[Site "Reading, ENG"]
[Date "2018.01.13"]
[Round "3.94"]
[White "Lovell, Steve"]
[Black "Sezer, Steve"]
[Result "1-0"]
[WhiteElo "1794"]
[BlackElo "1487"]
[PlyCount "105"]
[EventDate "2018.01.13"]

1. e4 c5 2. Nc3 e6 3. f4 Nc6 4. Nf3 Be7 5. Bb5 Qc7 6. d3 Nd4 7. Bc4 d6 8. Be3
Qb6 9. Bb3 Nxb3 10. axb3 Nf6 11. h3 Qd8 12. O-O b6 13. e5 dxe5 14. fxe5 Nd5 15.
Bd2 Bb7 16. Qe1 O-O 17. Qg3 Nxc3 18. bxc3 g6 19. Bh6 Re8 20. Qf4 Bxf3 21. Rxf3
f5 22. exf6 Bxf6 23. Qxf6 Qxf6 24. Rxf6 e5 25. Raf1 b5 26. Rf7 Kh8 27. Rf8+
Rxf8 28. Rxf8+ Rxf8 29. Bxf8 a5 30. Bxc5 a4 31. bxa4 bxa4 32. d4 e4 33. Kf2 Kg7
34. Ke3 Kf6 35. Kxe4 h5 36. d5 g5 37. d6 Ke6 38. Ba3 g4 39. hxg4 hxg4 40. Kf4
g3 41. Kxg3 Kd7 42. Kf4 Ke6 43. g4 Kd7 44. Ke5 Ke8 45. Ke6 Kd8 46. d7 Kc7 47.
Ke7 Kc6 48. d8=Q Kb5 49. Qd5+ Kb6 50. Bc5+ Kb5 51. Bd4+ Ka6 52. Qc6+ Ka5 53.
Qb6# 1-0

[Event "4NCL Division 4 South"]
[Site "Reading, ENG"]
[Date "2018.01.13"]
[Round "3.95"]
[White "Angelopoulos, Andreas"]
[Black "Donaghay, Richard H"]
[Result "1/2-1/2"]
[WhiteElo "1465"]
[BlackElo "1842"]
[PlyCount "47"]
[EventDate "2018.01.13"]

1. d4 d6 2. c4 e5 3. dxe5 dxe5 4. Qxd8+ Kxd8 5. Nc3 Bb4 6. Bd2 c6 7. e4 Be6 8.
Nf3 f6 9. Be2 Nd7 10. O-O Kc7 11. a3 Bxc3 12. Bxc3 Nc5 13. Nd2 Na4 14. Rab1
Nxc3 15. bxc3 Ne7 16. Nb3 Rad8 17. Nc5 Bc8 18. Rb2 Rd6 19. Rfb1 b6 20. Nd3 c5
21. f3 Rhd8 22. Nf2 Ba6 23. Kf1 Nc6 24. Ng4 1/2-1/2

[Event "4NCL Division 4 South"]
[Site "Reading, ENG"]
[Date "2018.01.13"]
[Round "3.96"]
[White "Jones, Robert L"]
[Black "Angelopoulos, Nicos"]
[Result "1-0"]
[WhiteElo "1817"]
[BlackElo "1450"]
[PlyCount "41"]
[EventDate "2018.01.13"]

1. e4 c6 2. d4 d5 3. Nc3 dxe4 4. Bc4 Bf5 5. f3 Nf6 6. g4 Bg6 7. g5 Nd5 8. Nxe4
e6 9. c3 Bd6 10. Nxd6+ Qxd6 11. Ne2 e5 12. dxe5 Qxe5 13. Qd4 Nd7 14. O-O O-O
15. f4 Qxd4+ 16. cxd4 N7b6 17. Bxd5 Nxd5 18. f5 Bh5 19. Ng3 Bg4 20. Bd2 Be2 21.
Nxe2 1-0

[Event "4NCL Division 4 South"]
[Site "Reading, ENG"]
[Date "2018.01.13"]
[Round "3.99"]
[White "Headlong, Benjamin"]
[Black "Jamroz, Krzysztof"]
[Result "0-1"]
[WhiteElo "1720"]
[BlackElo "1951"]
[PlyCount "132"]
[EventDate "2018.01.13"]

1. e4 c5 2. Nf3 e6 3. c3 Nf6 4. Bd3 Nc6 5. Bc2 b6 6. O-O Bb7 7. Re1 Be7 8. e5
Nd5 9. a3 d6 10. d4 dxe5 11. dxe5 c4 12. Nd4 Nxd4 13. cxd4 h5 14. Ba4+ Kf8 15.
Nc3 Nxc3 16. bxc3 Qd5 17. f3 h4 18. Bc2 h3 19. Be4 Qd7 20. g3 Rd8 21. Qe2 Bd5
22. Bxd5 Qxd5 23. Qe4 g6 24. Qxd5 Rxd5 25. a4 Kg7 26. Ba3 Bxa3 27. Rxa3 g5 28.
g4 f6 29. exf6+ Kxf6 30. Ra2 Rhd8 31. Rae2 R8d6 32. Re5 a6 33. Kf2 b5 34. axb5
axb5 35. R1e2 b4 36. Rxd5 Rxd5 37. cxb4 Rxd4 38. Rc2 Ke5 39. b5 Kd6 40. Ke3 e5
41. Rb2 Kc7 42. b6+ Kb7 43. Ke2 Rd6 44. Rb4 c3 45. Rc4 Rd2+ 46. Ke3 Rc2 47. Kd3
Rxh2 48. Rxc3 Rh1 49. Rc7+ Kxb6 50. Rh7 h2 51. Rh6+ Kc7 52. Ke4 Re1+ 53. Kf5
h1=Q 54. Rxh1 Rxh1 55. Kxe5 Kd7 56. Kf6 Rf1 57. Kxg5 Rxf3 58. Kh6 Ke7 59. g5
Kf7 60. g6+ Kg8 61. Kg5 Kg7 62. Kg4 Rf6 63. Kh3 Rxg6 64. Kh2 Kf6 65. Kh3 Kf5
66. Kh4 Rg8 0-1

[Event "4NCL Division 4 South"]
[Site "Reading, ENG"]
[Date "2018.01.13"]
[Round "3.99"]
[White "Jamroz, Viktor"]
[Black "Cook, Brian"]
[Result "1-0"]
[WhiteElo "1684"]
[BlackElo "1712"]
[PlyCount "81"]
[EventDate "2018.01.13"]

1. e4 e6 2. d4 d5 3. Bd3 Nf6 4. e5 Nfd7 5. Nf3 c5 6. c3 Nc6 7. O-O Qb6 8. Bc2
cxd4 9. cxd4 f6 10. exf6 Nxf6 11. Re1 Be7 12. a3 Bd7 13. Nc3 Nd8 14. Na4 Qa6
15. Ne5 O-O 16. Nc5 Bxc5 17. dxc5 Nf7 18. Nxd7 Nxd7 19. b4 Nf6 20. Bb2 Nh6 21.
Bd3 Qc6 22. Qe2 Kf7 23. Bxf6 gxf6 24. Bxh7 Ke7 25. b5 Qd7 26. Qd2 Nf7 27. f4 e5
28. fxe5 Nxe5 29. Qb4 Kf7 30. Re3 Rh8 31. Rf1 Rxh7 32. Rxe5 Rg8 33. Qf4 Rg6 34.
Qf5 Qxb5 35. Qe6+ Kg7 36. Qe7+ Kh6 37. Rh5+ Kxh5 38. Qxh7+ Kg5 39. h4+ Kg4 40.
Qxg6+ Kxh4 41. Rf4# 1-0

[Event "4NCL Division 4 South"]
[Site "Reading, ENG"]
[Date "2018.01.13"]
[Round "3.99"]
[White "Dray-Pearce, Tristan"]
[Black "Desai, Nilomi"]
[Result "1/2-1/2"]
[WhiteElo "1652"]
[BlackElo "1590"]
[PlyCount "87"]
[EventDate "2018.01.13"]

1. e4 c6 2. Bc4 d5 3. Bb3 Nf6 4. exd5 cxd5 5. d4 Nc6 6. c3 Bf5 7. Nf3 e6 8. O-O
Be7 9. Bg5 O-O 10. Nh4 Bg6 11. Nxg6 hxg6 12. Nd2 Qb6 13. Re1 Rfe8 14. Nf3 Rac8
15. Qd3 Ne4 16. Bxe7 Rxe7 17. Nd2 Nf6 18. Qh3 Na5 19. Qh4 Rec7 20. Re3 Nh5 21.
g4 Nf6 22. Rh3 Kf8 23. Qh8+ Ke7 24. Qh4 Nxb3 25. axb3 a6 26. b4 Qd6 27. Rf3 Rb8
28. Re1 Rcc8 29. g5 Nd7 30. Qf4 Qxf4 31. Rxf4 Nb6 32. Re3 Rf8 33. b3 Rbc8 34.
Nf3 Nd7 35. Rh4 b5 36. Nd2 Nb6 37. Rh7 Rg8 38. Rhh3 Rc7 39. Re2 Rgc8 40. Nb1
Rg8 41. Ra2 Ra7 42. Rh7 Nc8 43. Nd2 Nd6 44. f3 1/2-1/2

[Event "4NCL Division 4 South"]
[Site "Reading, ENG"]
[Date "2018.01.13"]
[Round "3.99"]
[White "Johnson, Elizabeth"]
[Black "Gorgun, Aliriza Atif"]
[Result "0-1"]
[WhiteElo "1416"]
[BlackElo "1597"]
[PlyCount "74"]
[EventDate "2018.01.13"]

1. e4 c5 2. Nf3 d6 3. d4 cxd4 4. Qxd4 Nc6 5. Bb5 e5 6. Qd3 Nf6 7. O-O Be7 8.
Nc3 O-O 9. Bg5 Be6 10. Bxc6 bxc6 11. Bxf6 Bxf6 12. Rfd1 Be7 13. Nd2 Qc7 14. Qg3
Rab8 15. Nb3 f5 16. f3 fxe4 17. Nxe4 d5 18. Nec5 Qb6 19. Qf2 Bf5 20. Nd3 Qxf2+
21. Kxf2 e4 22. Ne1 exf3 23. Nxf3 Bxc2 24. Re1 Bh4+ 25. g3 Bxb3 26. gxh4 Bc2
27. b3 Be4 28. Re3 Rf4 29. Kg3 Rbf8 30. Ng5 Rf2 31. Nxe4 dxe4 32. Rxe4 R8f3+
33. Kg4 h5+ 34. Kxh5 Rg2 35. Rg4 Rf5+ 36. Rg5 Kh7 37. Rxf5 g6# 0-1

[Event "4NCL Division 4 South"]
[Site "Reading, ENG"]
[Date "2018.01.13"]
[Round "3.99"]
[White "Jamieson, Alexander"]
[Black "Anika Rachna Roy"]
[Result "0-1"]
[WhiteElo "1566"]
[BlackElo "1174"]
[PlyCount "86"]
[EventDate "2018.01.13"]

1. d4 d5 2. c4 dxc4 3. e4 e5 4. d5 b5 5. a4 Nf6 6. Bg5 c6 7. Nf3 h6 8. Bxf6
gxf6 9. dxc6 Qxd1+ 10. Kxd1 bxa4 11. Bxc4 Nxc6 12. Bd5 Bb7 13. Rxa4 Rd8 14. Ke2
a5 15. Rc1 Rc8 16. Ke3 h5 17. Rac4 Bh6+ 18. Ke2 Bxc1 19. Rxc1 Nd4+ 20. Kd2 Rxc1
21. Kxc1 Bxd5 22. exd5 Nxf3 23. gxf3 Kd7 24. Kd2 Rg8 25. Ke2 Rb8 26. Kd3 Rxb2
27. Nd2 a4 28. Kc3 a3 29. Nc4 Rxf2 30. Nxa3 Rxf3+ 31. Kb4 Rxa3 32. Kxa3 Kd6 33.
Kb4 Kxd5 34. Kc3 e4 35. h4 f5 36. Kd2 Kd4 37. Ke2 e3 38. Ke1 Kd3 39. Kd1 e2+
40. Ke1 f6 41. Kf2 Kd2 42. Kf3 e1=Q 43. Kf4 Qe4+ 0-1

[Event "4NCL Division 4 South"]
[Site "Reading, ENG"]
[Date "2018.01.13"]
[Round "3.99"]
[White "Johnson, Ian A"]
[Black "Ashraf, Zoha"]
[Result "0-1"]
[WhiteElo "1172"]
[BlackElo "1043"]
[PlyCount "56"]
[EventDate "2018.01.13"]

1. Nf3 e6 2. g3 d5 3. Bg2 f5 4. Ne5 Nf6 5. d4 Bd6 6. Bf4 O-O 7. Nd2 c6 8. e3
Bd7 9. Ndf3 h6 10. Ng6 Bxf4 11. Nxf4 Ne4 12. Ng6 Rf6 13. Nfe5 Be8 14. Nf4 Nd7
15. Nh5 Rf8 16. Bxe4 fxe4 17. Qg4 Bxh5 18. Qxh5 Nxe5 19. Qxe5 Qe7 20. g4 Rf3
21. Ke2 Raf8 22. Raf1 Rh3 23. f4 exf3+ 24. Kd3 f2 25. c4 Rhf3 26. cxd5 cxd5 27.
h4 Qd7 28. Rh2 Qb5+ 0-1

[Event "4NCL Division 4 South"]
[Site "Reading, ENG"]
[Date "2018.01.13"]
[Round "3.99"]
[White "Heard, Andrew H"]
[Black "Headlong, Timothy"]
[Result "0-1"]
[WhiteElo "1913"]
[BlackElo "2125"]
[PlyCount "52"]
[EventDate "2018.01.13"]

1. d4 d5 2. c4 e6 3. Nc3 c5 4. cxd5 exd5 5. Nf3 Nc6 6. g3 Nf6 7. Bg2 Be7 8. O-O
O-O 9. a3 c4 10. b4 h6 11. Re1 Bf5 12. Bb2 Re8 13. Rc1 a5 14. b5 Na7 15. Nh4
Bh7 16. e3 Qd7 17. a4 Bb4 18. Bf3 Nc8 19. Rf1 Qe6 20. Ng2 g5 21. g4 Ne7 22. h3
Rad8 23. Kh1 h5 24. Rg1 Kg7 25. Ne1 Ng6 26. Ng2 Rh8 0-1

[Event "4NCL Division 4 South"]
[Site "Reading, ENG"]
[Date "2018.01.13"]
[Round "3.99"]
[White "Girdlestone, Paul C"]
[Black "Gazes, Matthew"]
[Result "1/2-1/2"]
[WhiteElo "2050"]
[BlackElo "1757"]
[PlyCount "37"]
[EventDate "2018.01.13"]

1. e4 e5 2. Nf3 Nc6 3. Bc4 Bc5 4. O-O Nf6 5. d4 Bxd4 6. Nxd4 Nxd4 7. Bg5 h6 8.
Bh4 d6 9. f4 Nc6 10. fxe5 Nxe5 11. Bxf6 gxf6 12. Na3 Qe7 13. Qd2 Be6 14. Qb4
O-O-O 15. Rae1 Rhg8 16. Re3 c6 17. Be2 Rg6 18. Rd1 Qc7 19. Rc3 1/2-1/2

[Event "4NCL Division 4 South"]
[Site "Reading, ENG"]
[Date "2018.01.13"]
[Round "3.99"]
[White "Lettington, David"]
[Black "Rabbitt, Michael"]
[Result "0-1"]
[WhiteElo "1653"]
[BlackElo "2052"]
[PlyCount "66"]
[EventDate "2018.01.13"]

1. Nf3 Nf6 2. g3 d5 3. Bg2 Bf5 4. d3 e6 5. O-O Be7 6. Nbd2 Nbd7 7. c3 h6 8. Qe1
O-O 9. e4 dxe4 10. dxe4 Bh7 11. Qe2 Nc5 12. Ne1 a5 13. e5 Nd5 14. Nc4 c6 15.
Ne3 a4 16. Nxd5 cxd5 17. Be3 Qc7 18. Bd4 Rfc8 19. f4 a3 20. b3 Qd7 21. Kh1 b5
22. Rc1 Rab8 23. Bxc5 Rxc5 24. Nd3 Rc7 25. Rfd1 Qc8 26. Qd2 Rb6 27. Nb4 Bxb4
28. cxb4 Rbc6 29. Rxc6 Rxc6 30. Bxd5 exd5 31. Qxd5 Rc1 32. Kg1 Rxd1+ 33. Qxd1
Bf5 0-1

[Event "4NCL Division 4 South"]
[Site "Reading, ENG"]
[Date "2018.01.13"]
[Round "3.99"]
[White "Shaw, Meyrick"]
[Black "McKenna, John R"]
[Result "1/2-1/2"]
[WhiteElo "1948"]
[BlackElo "1635"]
[PlyCount "42"]
[EventDate "2018.01.13"]

1. d4 d5 2. Bf4 Nf6 3. e3 Bf5 4. c4 c6 5. Nc3 e6 6. Qb3 Qc8 7. h3 Be7 8. Nf3
O-O 9. Be2 Nbd7 10. O-O dxc4 11. Bxc4 Nb6 12. Nh4 Nxc4 13. Nxf5 exf5 14. Qxc4
Qe6 15. Qa4 Ne4 16. Ne2 Rfd8 17. Rfd1 g5 18. Bc7 Rd5 19. Rd3 Nc5 20. dxc5 Rxd3
21. Nd4 Qe4 1/2-1/2

[Event "4NCL Division 4 South"]
[Site "Reading, ENG"]
[Date "2018.01.13"]
[Round "3.99"]
[White "Stebbings, Robert J"]
[Black "Cherupalli, Ramprasad"]
[Result "1/2-1/2"]
[WhiteElo "1607"]
[BlackElo "1967"]
[PlyCount "50"]
[EventDate "2018.01.13"]

1. c4 Nf6 2. Nc3 c6 3. Nf3 d5 4. cxd5 cxd5 5. d4 Nc6 6. Bf4 Bf5 7. e3 e6 8. Be2
Be7 9. O-O O-O 10. a3 Nh5 11. Bg3 Nxg3 12. hxg3 h6 13. b4 Rc8 14. Qd2 Bd6 15.
Rfc1 Qe7 16. Na4 Rfd8 17. Nc5 e5 18. dxe5 Nxe5 19. Qxd5 b6 20. Nb7 Be6 21. Rxc8
Bxd5 22. Rxd8+ Kh7 23. Rxd6 Bxb7 24. Rad1 Bc8 25. Nxe5 Qxe5 1/2-1/2

[Event "4NCL Division 4 South"]
[Site "Reading, ENG"]
[Date "2018.01.13"]
[Round "3.99"]
[White "Onslow, Teddy"]
[Black "Couchman, Andrew"]
[Result "1-0"]
[WhiteElo "1885"]
[BlackElo "1158"]
[PlyCount "65"]
[EventDate "2018.01.13"]

1. d4 b6 2. Bf4 Nf6 3. e3 Bb7 4. Nf3 d6 5. Bd3 Be4 6. Bxe4 Nxe4 7. Qd3 Nf6 8.
h3 Nbd7 9. d5 Nc5 10. Qd1 Nce4 11. Nd4 Nxd5 12. Nc6 Qd7 13. Qxd5 Nf6 14. Qf3
Qc8 15. Nb4 a5 16. Qc6+ Nd7 17. Nd5 Ra7 18. Nxb6 Qd8 19. Qxd7+ Qxd7 20. Nxd7
Kxd7 21. Nd2 e5 22. Bh2 Be7 23. O-O-O Rb7 24. Nc4 Ra8 25. Nxe5+ Ke6 26. Nd3 Bf6
27. e4 Rb6 28. f4 Kd7 29. e5 Be7 30. exd6 Bxd6 31. Ne5+ Ke6 32. Rhe1 Ke7 33.
Nc4+ 1-0

[Event "4NCL Division 4 South"]
[Site "Reading, ENG"]
[Date "2018.01.13"]
[Round "3.99"]
[White "Bennet-Stevens, Lucy"]
[Black "Brown, Alan M"]
[Result "1/2-1/2"]
[WhiteElo "1877"]
[BlackElo "1968"]
[PlyCount "123"]
[EventDate "2018.01.13"]

1. e4 e6 2. d4 d5 3. e5 c5 4. c3 Qb6 5. Nf3 Nc6 6. a3 c4 7. Be2 Na5 8. Nbd2 Bd7
9. O-O Ne7 10. Qc2 Nf5 11. Re1 Be7 12. Rb1 Rc8 13. Nf1 h6 14. h3 Nb3 15. Bf4
Ba4 16. N1d2 Qc6 17. Nxb3 Bxb3 18. Qd2 Qa4 19. Bd1 Bxd1 20. Rexd1 Rc6 21. g4
Nh4 22. Nxh4 Bxh4 23. Kh2 Be7 24. Be3 h5 25. Rg1 hxg4 26. Rxg4 Bf8 27. Bg5 Rb6
28. Bh4 Rh5 29. Qe2 Rb3 30. Rf4 g6 31. Bg3 Qb5 32. Qf3 Rh7 33. Rh4 Rxh4 34.
Bxh4 Bg7 35. Qd1 a6 36. Qc2 Bh6 37. Bg3 Bf8 38. Bf4 Bxa3 39. Bc1 Be7 40. Ra1
Qd7 41. Qd2 Bd8 42. Qh6 Qe7 43. Ra3 Rxa3 44. bxa3 Qh4 45. Qd2 Kd7 46. Qb2 Kc8
47. Be3 Qe4 48. Qb4 Qh4 49. Qc5+ Kb8 50. Qd6+ Ka7 51. Qc5+ b6 52. Qf8 Qe7 53.
Qg8 b5 54. Bh6 Kb6 55. Bg7 Qc7 56. Bf8 Kc6 57. Bc5 Qd7 58. Qf8 Kb7 59. Qg8 Ba5
60. Bd6 Bc7 61. Bc5 Bd8 62. Bd6 1/2-1/2

[Event "4NCL Division 4 South"]
[Site "Reading, ENG"]
[Date "2018.01.13"]
[Round "3.99"]
[White "Valentine, Brian J"]
[Black "Woods, Timothy J"]
[Result "1/2-1/2"]
[WhiteElo "1920"]
[BlackElo "1643"]
[PlyCount "56"]
[EventDate "2018.01.13"]

1. e4 d6 2. d4 Nf6 3. Nc3 g6 4. f4 Bg7 5. Nf3 c5 6. e5 Nfd7 7. Be3 O-O 8. exd6
exd6 9. Qd2 Qa5 10. Be2 Nf6 11. h3 Nc6 12. O-O Nh5 13. Kh2 Nf6 14. Rad1 a6 15.
Qe1 Re8 16. Qf2 b5 17. dxc5 b4 18. Nd5 Ne4 19. Qg1 Nxc5 20. Bc4 Be6 21. Nd4
Rac8 22. Nxc6 Rxc6 23. Bd4 Nd7 24. Bxg7 Rxc4 25. Nf6+ Nxf6 26. Bxf6 Qf5 27. Bd4
Rxc2 28. Rf2 Rec8 1/2-1/2

[Event "4NCL Division 4 South"]
[Site "Reading, ENG"]
[Date "2018.01.13"]
[Round "3.99"]
[White "Finn, Daniel"]
[Black "Matthews, Adrian M S"]
[Result "0-1"]
[WhiteElo "1639"]
[BlackElo "1839"]
[PlyCount "122"]
[EventDate "2018.01.13"]

1. d4 Nf6 2. Nf3 c5 3. e3 g6 4. c4 Bg7 5. Nc3 O-O 6. Be2 d6 7. O-O Bg4 8. d5
Nbd7 9. e4 Bxf3 10. Bxf3 a6 11. Qc2 Rb8 12. Be2 Ne8 13. Bf4 Nc7 14. Rab1 b5 15.
b3 bxc4 16. bxc4 Rxb1 17. Rxb1 Qa8 18. Bd3 Rb8 19. Ne2 Rxb1+ 20. Qxb1 Qb8 21.
Qb3 Qb4 22. Ng3 a5 23. Nf1 Qxb3 24. axb3 Na6 25. Bd2 Nb4 26. Bxb4 cxb4 27. Bc2
Bd4 28. Nd2 Nc5 29. Kf1 Bc3 30. Nb1 Bb2 31. Nd2 Bc1 32. Nb1 Kg7 33. f3 Kf6 34.
Ke2 Ke5 35. Nd2 Kd4 36. Kd1 Bb2 37. Ke2 Bc1 38. Nb1 a4 39. bxa4 b3 40. Bd1 b2
41. Bc2 Kxc4 42. Kd1 Kb4 43. h3 Nxa4 44. Bxa4 Kxa4 45. Kc2 Kb4 46. Nc3 Kc4 47.
Ne2 f6 48. h4 f5 49. g4 fxe4 50. fxe4 Be3 51. h5 b1=Q+ 52. Kxb1 Kd3 53. Ng3 Bf4
54. Nh1 Kxe4 55. Nf2+ Kxd5 56. Kc2 Kd4 57. Kd1 Ke3 58. Nh3 gxh5 59. gxh5 e5 60.
Ng1 d5 61. Ne2 d4 0-1

[Event "4NCL Division 4 South"]
[Site "Reading, ENG"]
[Date "2018.01.13"]
[Round "3.99"]
[White "Vyse, Callum"]
[Black "Whiteside, Robert"]
[Result "0-1"]
[WhiteElo "1660"]
[BlackElo "1778"]
[PlyCount "80"]
[EventDate "2018.01.13"]

1. e4 e6 2. d4 d5 3. exd5 exd5 4. c4 Nf6 5. Nc3 Be7 6. Nf3 O-O 7. Be2 Nc6 8.
O-O dxc4 9. Bxc4 Bg4 10. d5 Bxf3 11. Qxf3 Ne5 12. Qf4 Bd6 13. Bb3 Neg4 14. Qd4
Bxh2+ 15. Kh1 Be5 16. Qd1 Qd6 17. Ne4 Nxe4 18. Qxg4 Nf6 19. Qc4 Qd7 20. Bc2
Qxd5 21. Qh4 Rad8 22. Bg5 h6 23. Be3 b6 24. Bb3 Qe4 25. Qh3 Qg4 26. Qxg4 Nxg4
27. Bc1 Bd4 28. f3 Nf2+ 29. Kh2 c5 30. Rb1 Nd3 31. Bc2 Nb4 32. Bb3 b5 33. Bd2
Be5+ 34. f4 Rxd2 35. fxe5 c4 36. Bd1 Nd3 37. b3 c3 38. e6 fxe6 39. Bg4 Nf4 40.
Rbc1 Rxg2+ 0-1

[Event "4NCL Division 4 South"]
[Site "Reading, ENG"]
[Date "2018.01.13"]
[Round "3.99"]
[White "Miller, Max C"]
[Black "Bennett, Max"]
[Result "1/2-1/2"]
[WhiteElo "1392"]
[BlackElo "1630"]
[PlyCount "130"]
[EventDate "2018.01.13"]

1. d4 Nf6 2. Nf3 b6 3. e3 e6 4. Bd3 Bb7 5. Nbd2 Be7 6. O-O O-O 7. a3 c5 8. b3
d5 9. Bb2 Nbd7 10. Ne5 Qc7 11. f4 Rac8 12. g4 Nxe5 13. dxe5 Ne4 14. Nxe4 dxe4
15. Be2 Rfd8 16. Qe1 Qc6 17. Rd1 b5 18. c4 bxc4 19. Bxc4 Rxd1 20. Qxd1 Rd8 21.
Qe2 Qd7 22. Bc3 Bd5 23. Bb5 Qb7 24. Bc4 Bxc4 25. bxc4 Rd3 26. Qb2 Qxb2 27. Bxb2
Rxe3 28. Kf2 Rh3 29. Kg2 Rd3 30. Rf2 e3 31. Re2 Bh4 32. Kf3 Bf2 33. f5 Rd1 34.
Kg2 g5 35. f6 Kf8 36. Kf3 Ke8 37. Rc2 Kd7 38. Re2 h6 39. Rc2 Rd2 40. Rxd2+ exd2
41. Ke2 Be3 42. h3 Bf4 43. Bc3 Kc6 44. Kd1 Kb6 45. Kc2 Kc6 46. Kd1 Be3 47. Kc2
Kb6 48. Bxd2 Bf2 49. Bc3 Bg3 50. Kb3 Bf4 51. Ka4 Bc1 52. Ba5+ Ka6 53. Bc7 Bb2
54. Bd6 Kb6 55. Kb3 Bd4 56. Kc2 Ka5 57. Kb3 Ka6 58. Ka4 Kb6 59. Bb8 Kc6 60. Ka5
Bb2 61. Ka4 Bc3 62. Kb3 Ba5 63. Bd6 Bc7 64. Bxc7 Kxc7 65. a4 a5 1/2-1/2

[Event "4NCL Division 4 South"]
[Site "Reading, ENG"]
[Date "2018.01.13"]
[Round "3.99"]
[White "Carter, Gavin"]
[Black "Jaufarally, Nadia"]
[Result "1/2-1/2"]
[WhiteElo "1277"]
[BlackElo "1708"]
[PlyCount "63"]
[EventDate "2018.01.13"]

1. c4 Nf6 2. Nc3 g6 3. g3 Bg7 4. Bg2 O-O 5. Nf3 d6 6. O-O Nc6 7. d4 e5 8. d5
Na5 9. b3 c5 10. Ng5 h6 11. Nge4 Nxe4 12. Bxe4 f5 13. Bg2 b6 14. Bb2 Nb7 15. e4
Bd7 16. Qd3 Qe7 17. Rad1 f4 18. Bc1 g5 19. f3 h5 20. Ne2 Bh6 21. Kf2 g4 22. Rh1
gxf3 23. Bxf3 fxg3+ 24. Kg2 Bxc1 25. Rxc1 gxh2 26. Rxh2 Qg5+ 27. Kh1 Bg4 28.
Bxg4 hxg4 29. Rg1 Qf6 30. Rxg4+ Kf7 31. Rh7+ Ke8 32. Ng1 1/2-1/2

[Event "4NCL Division 4 South"]
[Site "Reading, ENG"]
[Date "2018.01.13"]
[Round "3.99"]
[White "Sheikh, Nasarullah"]
[Black "Savas, Stoica M"]
[Result "1-0"]
[WhiteElo "1691"]
[BlackElo "1300"]
[PlyCount "61"]
[EventDate "2018.01.13"]

1. e4 e5 2. Nf3 Nc6 3. d4 exd4 4. Nxd4 Bc5 5. Be3 Qf6 6. Nb5 Bxe3 7. fxe3 Qe5
8. Nd2 Na5 9. b4 a6 10. Nf3 Qxe4 11. Nxc7+ Kd8 12. Nxa8 Qxe3+ 13. Be2 Nc4 14.
Qd4 Qxd4 15. Nxd4 Ne3 16. Bf3 Nf6 17. Kf2 Re8 18. Rhe1 Neg4+ 19. Kg3 d6 20.
Rxe8+ Kxe8 21. Bxg4 Bxg4 22. Nb6 h5 23. Re1+ Kd8 24. h3 Kc7 25. hxg4 Kxb6 26.
gxh5 Nxh5+ 27. Kf3 Nf6 28. c4 a5 29. a3 axb4 30. axb4 Ka6 31. Re7 1-0

[Event "4NCL Division 4 South"]
[Site "Reading, ENG"]
[Date "2018.01.13"]
[Round "3.99"]
[White "Willmoth, Kate"]
[Black "Islam, Mohammed"]
[Result "0-1"]
[WhiteElo "1277"]
[BlackElo "1739"]
[PlyCount "94"]
[EventDate "2018.01.13"]

1. e4 e5 2. Nf3 Nc6 3. Nc3 Bc5 4. Nxe5 Bxf2+ 5. Kxf2 Nxe5 6. Kg1 d6 7. h3 Bd7
8. d4 Nc6 9. Bc4 Nf6 10. Be3 h6 11. Kh2 a6 12. Re1 O-O 13. Bf4 b5 14. Bb3 Na5
15. e5 Nxb3 16. axb3 dxe5 17. dxe5 Nh7 18. Qf3 Ng5 19. Qg3 Kh8 20. Rad1 Ne6 21.
Rd2 Qe8 22. Re3 Bc6 23. Qh4 Nxf4 24. Qxf4 Qe6 25. Re1 f6 26. Rf1 Qxe5 27. Qxe5
fxe5 28. Rxf8+ Rxf8 29. Kg1 e4 30. Re2 Rd8 31. Re1 Rd2 32. Nxe4 Rxc2 33. Kh2
Rxb2 34. Kg1 Bxe4 35. Rxe4 Rxb3 36. Re8+ Kh7 37. Ra8 Ra3 38. Ra7 c5 39. Rc7 c4
40. Kf1 a5 41. Ke1 c3 42. Kd1 b4 43. Kc1 Ra1+ 44. Kc2 Ra2+ 45. Kb3 Rb2+ 46. Ka4
c2 47. Kxa5 b3 0-1

[Event "4NCL Division 4 South"]
[Site "Reading, ENG"]
[Date "2018.01.13"]
[Round "3.99"]
[White "Sheikh, Anum"]
[Black "Carter, Rebecca"]
[Result "1-0"]
[WhiteElo "1526"]
[BlackElo "1195"]
[PlyCount "61"]
[EventDate "2018.01.13"]

1. e4 e5 2. Nf3 Nc6 3. d4 exd4 4. Nxd4 Bc5 5. Be3 Qf6 6. Nb5 Bxe3 7. fxe3 Qh4+
8. g3 Qxe4 9. Nxc7+ Kd8 10. Nxa8 Qxh1 11. Qd6 Nge7 12. Nd2 Qd5 13. Qc7+ Ke8 14.
Qxc8+ Nxc8 15. Nc7+ Kd8 16. Nxd5 Re8 17. O-O-O Re5 18. Nf3 Rf5 19. Bg2 Nd6 20.
g4 Rxd5 21. Rxd5 Nc4 22. Rd1 Nxe3 23. Rd2 Nxg4 24. Bh3 Nf6 25. Nd4 Nb4 26. a3
Nbd5 27. Bg2 Nb6 28. Bxb7 Ng4 29. Nf5 g6 30. h3 Ne3 31. Nxe3 1-0

[Event "4NCL Division 4 South"]
[Site "Reading, ENG"]
[Date "2018.01.13"]
[Round "3.99"]
[White "Gilmore, Jonny"]
[Black "Jaufarally, Mohammud"]
[Result "0-1"]
[WhiteElo "1112"]
[BlackElo "1570"]
[PlyCount "46"]
[EventDate "2018.01.13"]

1. d4 d5 2. c4 Nf6 3. Nf3 Bf5 4. Nc3 e6 5. Bg5 Nbd7 6. a3 Be7 7. e3 c6 8. Be2
Qc7 9. Nh4 Bg6 10. O-O dxc4 11. Bf4 Bd6 12. Bxc4 Bxf4 13. exf4 Qxf4 14. g3 Qc7
15. Re1 Bh5 16. Qb3 Nb6 17. Bxe6 fxe6 18. Qxe6+ Kf8 19. Ne4 Nxe4 20. Qf5+ Nf6
21. Qc5+ Kf7 22. Re7+ Qxe7 23. Qxe7+ Kxe7 0-1

[Event "4NCL Division 4 South"]
[Site "Reading, ENG"]
[Date "2018.01.13"]
[Round "3.99"]
[White "Jaufarally, Shazia"]
[Black "Vaidya, Pranav"]
[Result "1-0"]
[WhiteElo "1277"]
[BlackElo "827"]
[PlyCount "77"]
[EventDate "2018.01.13"]

1. e4 c5 2. Nf3 Nc6 3. Nc3 d6 4. h3 e5 5. Bc4 Nf6 6. Ng5 Be6 7. Nxe6 fxe6 8.
Bxe6 Nd4 9. d3 Nxe6 10. Be3 Be7 11. O-O O-O 12. Qe2 Qe8 13. Rab1 a5 14. b3 Nh5
15. Nd5 Nd4 16. Bxd4 Nf4 17. Nxf4 cxd4 18. Ne6 Qg6 19. Nxf8 Rxf8 20. Rbe1 Bg5
21. g3 h5 22. Kh1 Qe6 23. Qxh5 Bd2 24. Rd1 g6 25. Qg4 Qxg4 26. hxg4 Bg5 27. f4
exf4 28. gxf4 Bxf4 29. Rxf4 Rxf4 30. Rg1 g5 31. a3 b5 32. a4 bxa4 33. bxa4 Kf7
34. Rb1 Rxg4 35. Rg1 Rh4+ 36. Kg2 Kg6 37. Kg3 Kh5 38. Rf1 g4 39. Rf5+ 1-0

[Event "4NCL Division 4 South"]
[Site "Reading, ENG"]
[Date "2018.01.13"]
[Round "3.99"]
[White "Webb, Richard M"]
[Black "Karia, Rishul"]
[Result "1-0"]
[WhiteElo "2232"]
[BlackElo "1915"]
[PlyCount "97"]
[EventDate "2018.01.13"]

1. e4 e5 2. Nf3 Nc6 3. Bb5 Nge7 4. c3 g6 5. d4 Bg7 6. d5 Nb8 7. d6 Nec6 8. Na3
cxd6 9. Nc4 Bf8 10. Nxd6+ Bxd6 11. Qxd6 Qe7 12. Qd3 d6 13. Bh6 a6 14. Bc4 Nd7
15. Rd1 Na5 16. Bd5 Nc5 17. Qd2 Ne6 18. b4 Nc6 19. Bxc6+ bxc6 20. Qxd6 Qxd6 21.
Rxd6 Ke7 22. Rxc6 Bb7 23. Rb6 Bxe4 24. Nxe5 Bxg2 25. Rg1 Be4 26. f3 Bf5 27.
Rb7+ Kf6 28. Nd7+ Ke7 29. Nb6+ Kf6 30. Nxa8 Rxa8 31. Be3 Rc8 32. Rb6 Ke5 33.
Kd2 Rd8+ 34. Ke2 Rd3 35. Rc1 Nf4+ 36. Bxf4+ Kxf4 37. Rxa6 Re3+ 38. Kf2 Rxf3+
39. Kg1 Ke3 40. Rd6 Ke2 41. b5 Be4 42. Rdd1 f5 43. Rf1 Rh3 44. b6 Rh5 45. Rce1+
Kd3 46. Rxe4 fxe4 47. Rb1 Rg5+ 48. Kh1 Kc2 49. b7 1-0

[Event "4NCL Division 4 South"]
[Site "Reading, ENG"]
[Date "2018.01.13"]
[Round "3.99"]
[White "Willmoth, Harrison"]
[Black "Purdon, Colin"]
[Result "1/2-1/2"]
[WhiteElo "1825"]
[BlackElo "2066"]
[PlyCount "36"]
[EventDate "2018.01.13"]

1. e4 c6 2. d3 d5 3. Nd2 e5 4. g3 Nf6 5. Bg2 Bd6 6. Ngf3 O-O 7. O-O Qc7 8. c3
Be6 9. Re1 Nbd7 10. h3 h6 11. Qe2 a5 12. d4 dxe4 13. Nxe5 Nxe5 14. dxe5 Bxe5
15. Nxe4 Nxe4 16. Qxe4 Bd6 17. Be3 Rae8 18. Qc2 Rd8 1/2-1/2